000 00476nam a2200181Ia 4500
003 GCL
008 140319s9999 xx 000 0 eng d
040 _aGCL /
_cGCL
082 0 4 _a363.73
_bV I
100 1 _aUI, JUN
245 1 0 _aINDUSTRIAL POLLUTION IN JAPAN /
_cUI, JUN
260 _a[S.N] :
_bUNITED NATIONS UNIVERSITY PRESS ،
_c1992
300 _a188 P
650 0 4 _aENVIRONMENTAL PROTECTION
650 0 4 _aPOLLUTION
650 0 4 _aJAPAN - INDUSTRY
942 _2ddc
_cBK
999 _c20615
_d20615